[Event "FSIMA March"]
[Site "Budapest HUN"]
[Date "2009.03.17"]
[Round "11"]
[White "Arsenault,N"]
[Black "Vegh,E"]
[Result "1/2-1/2"]
[WhiteElo "2229"]
[BlackElo "2285"]

1.e4 c5 2.Nf3 e6 3.d4 cxd4 4.Nxd4 a6 5.Bd3 Bc5 6.Nb3 Be7 7.Qg4 Nf6 8.Qg3 d6
9.O-O Nc6 10.Nc3 b5 11.Bg5 Ne5 12.Kh1 Bb7 13.f4 Nxd3 14.cxd3 b4 15.Ne2 Qb6
16.f5 e5 17.Rac1 h5 18.Bh4 Kf8  1/2-1/2

[Event "10th EICC"]
[Site "Budva MNE"]
[Date "2009.03.17"]
[Round "11"]
[White "Kojovic,D"]
[Black "Berczes,D"]
[Result "0-1"]
[WhiteElo "2403"]
[BlackElo "2513"]

1.e4 c5 2.Nf3 e6 3.d4 cxd4 4.Nxd4 a6 5.Bd3 g6 6.O-O Bg7 7.Be3 Ne7 8.c4 d5
9.exd5 exd5 10.Nc3 dxc4 11.Bxc4 O-O 12.a4 Nd7 13.a5 Ne5 14.Be2 Nf5 15.Nxf5 Bxf5
16.Bc5 Re8 17.Bb6 Qxd1 18.Rfxd1 Rac8 19.Bd4 Nc4 20.Bxc4 Rxc4 21.Bxg7 Kxg7
22.f3 h5 23.Kf2 Rb4 24.Rd2 Re5 25.g3 g5 26.Ra3 Be6 27.Ra1 Kf8 28.Ra3 Rc4
29.Re2 Rxe2+ 30.Kxe2 Rb4 31.Nd1 g4 32.f4 Bd5 33.Kd2 Bf3 34.Kc3 Re4 35.Kd3 Re2
36.Rb3 Rxh2 37.Ne3 h4 38.Nf5 h3 39.Rc3 Bc6 40.Nd4 Rg2  0-1

[Event "TCh-AUT 1st Bundesliga 2008-9"]
[Site "Ansfelden AUT"]
[Date "2009.03.21"]
[Round "10"]
[White "Ragger,M"]
[Black "Weiss,C"]
[Result "0-1"]
[WhiteElo "2540"]
[BlackElo "2424"]

1.e4 c5 2.Nf3 e6 3.d4 cxd4 4.Nxd4 a6 5.Bd3 Nf6 6.O-O Qc7 7.Qe2 Bd6 8.Kh1 Nc6
9.c3 Bf4 10.Bxf4 Qxf4 11.Nxc6 dxc6 12.Nd2 Nd7 13.Rad1 b5 14.c4 O-O 15.Nb3 bxc4
16.Bxc4 a5 17.a4 Ne5 18.Nc5 Ng4 19.g3 Qg5 20.Nd3 e5 21.f3 Nf6 22.Nc5 Bh3
23.Rg1 Rad8 24.Nb7 Rxd1 25.Rxd1 h5 26.Nd6 Nh7 27.Kg1 Qf6 28.Nb7 Ng5 29.Rd3 Qe7
30.Nd6 Rd8 31.Nf5 Qc5+ 32.Qe3 Nxf3+ 33.Kf2 Nd4 34.Nxg7 Qxc4 35.Nxh5 Rd6 36.Qg5+ Rg6
37.Nf6+ Kg7 38.Nh5+ Kh7 39.Qd2 Bg4 40.Nf4 exf4 41.Rxd4 fxg3+ 42.Kg2 Bh3+  0-1

[Event "TCh-AUT 1st Bundesliga 2008-9"]
[Site "Ansfelden AUT"]
[Date "2009.03.22"]
[Round "11"]
[White "Schachinger,M"]
[Black "Wegerle,J"]
[Result "1/2-1/2"]
[WhiteElo "2336"]
[BlackElo "2431"]

1.e4 c5 2.Nf3 e6 3.d4 cxd4 4.Nxd4 a6 5.Bd3 Nc6 6.Nxc6 dxc6 7.Nd2 e5 8.O-O Be6
9.Nc4 Bxc4 10.Bxc4 Nf6 11.Qf3 Bd6 12.Bg5 h6 13.Bxf6 Qxf6 14.Qxf6 Ba3  1/2-1/2

[Event "TCh-BEL 2008-9"]
[Site "Belgium BEL"]
[Date "2009.03.22"]
[Round "11"]
[White "Drabke,L"]
[Black "Ginsburg,G"]
[Result "0-1"]
[WhiteElo "2474"]
[BlackElo "2520"]

1.e4 c5 2.Nf3 e6 3.d4 cxd4 4.Nxd4 a6 5.Bd3 Bc5 6.Nb3 Ba7 7.Qg4 Nf6 8.Qg3 d6
9.Nc3 Nc6 10.Bg5 b5 11.a3 Bb7 12.O-O-O h6 13.Be3 Bxe3+ 14.Qxe3 O-O 15.Be2 Qe7
16.g4 Rfc8 17.h4 b4 18.axb4 Nxb4 19.g5 Nxe4 20.Nxe4 Nxc2 21.Qf4 e5 22.Nf6+ gxf6
23.Qg3 Nd4+ 24.Kb1 Nxe2 25.Qg4 f5 26.Qxe2 Be4+  0-1

[Event "Open A"]
[Site "Zagreb CRO"]
[Date "2009.03.24"]
[Round "4"]
[White "Dutina,D"]
[Black "Banas,J"]
[Result "1/2-1/2"]
[WhiteElo "2287"]
[BlackElo "2380"]

1.e4 c5 2.Nf3 e6 3.d4 cxd4 4.Nxd4 a6 5.Bd3 g6 6.c4 Bg7 7.Be3 Ne7 8.Nc3 Nbc6
9.Nxc6 Nxc6 10.O-O O-O 11.Qd2 Rb8 12.Rfd1 f5 13.f4 Qa5 14.a3 Bxc3 15.bxc3 Rf7  1/2-1/2

[Event "ITT Proyeccion U20"]
[Site "Buenos Aires ARG"]
[Date "2009.03.25"]
[Round "1"]
[White "Della Morte,G"]
[Black "Goldwaser,C"]
[Result "1/2-1/2"]
[WhiteElo "2383"]
[BlackElo "2356"]

1.e4 c5 2.Nf3 e6 3.d4 cxd4 4.Nxd4 a6 5.Bd3 Nc6 6.Nxc6 dxc6 7.O-O e5 8.Nd2 Be6
9.Qh5 Bd6 10.Nc4 Nf6 11.Nxd6+ Qxd6 12.Qh4 O-O 13.Bg5 Qe7 14.Qg3 Bd7 15.f4 exf4
16.Qh4 Qc5+ 17.Kh1 Ng4 18.e5 h6 19.Be7 Qxe5 20.Bxf8 g5 21.Qh5 Kxf8 22.Rae1 Qg7  1/2-1/2

[Event "Open A"]
[Site "Zagreb CRO"]
[Date "2009.03.25"]
[Round "5"]
[White "Simutowe,A"]
[Black "Zivkovic,Vj"]
[Result "1/2-1/2"]
[WhiteElo "2485"]
[BlackElo "2419"]

1.e4 c5 2.Nf3 e6 3.d4 cxd4 4.Nxd4 a6 5.Bd3 Bc5 6.Nb3 Be7 7.c4 d6 8.O-O Nf6
9.Nc3 O-O 10.f4 b6 11.e5 dxe5 12.fxe5 Nfd7 13.Qf3 Qc7 14.Qe4 g6 15.Bf4 Bb7
16.Qe2 Nc6 17.Be4 Nc5  1/2-1/2

[Event "Open A"]
[Site "Zagreb CRO"]
[Date "2009.03.27"]
[Round "7"]
[White "Armanda,I"]
[Black "Saric,A"]
[Result "0-1"]
[WhiteElo "2326"]
[BlackElo "2514"]

1.e4 c5 2.Nf3 e6 3.d4 cxd4 4.Nxd4 a6 5.Bd3 Bc5 6.Nb3 Be7 7.c4 d6 8.O-O Nf6
9.Qe2 O-O 10.Nc3 b6 11.f4 Nbd7 12.Bd2 Bb7 13.Rae1 Re8 14.Kh1 Bf8 15.Bb1 g6
16.e5 Nh5 17.Qf2 Qc7 18.exd6 Bxd6 19.Ne4 Bf8 20.Rc1 Rac8 21.Be3 f5 22.Ng5 h6
23.Nf3 Nxf4 24.Rcd1 Nc5 25.Nxc5 Bxc5 26.Bxc5 bxc5 27.Qg3 g5 28.Nh4 Qg7 29.Nf3 Nxg2
30.Kxg2 g4 31.Kf2 Bxf3 32.Rd2 Rcd8 33.Qf4 e5 34.Qe3 f4 35.Qc3 e4 36.Qxg7+ Kxg7
37.Rxd8 Rxd8 38.Re1  0-1

[Event "Victor Ciocaltea Mem"]
[Site "Bucharest ROM"]
[Date "2009.03.28"]
[Round "6"]
[White "Burnoiu,N1"]
[Black "Jianu,V"]
[Result "0-1"]
[WhiteElo "2453"]
[BlackElo "2544"]

1.e4 c5 2.Nf3 e6 3.d4 cxd4 4.Nxd4 a6 5.Bd3 Qc7 6.O-O Nf6 7.Kh1 d6 8.c4 Nbd7
9.Nc3 Be7 10.f4 b6 11.Qe2 O-O 12.Bd2 Bb7 13.f5 exf5 14.Nxf5 Rfe8 15.Nd5 Bxd5
16.exd5 Bf8 17.Qd1 Ne5 18.Bc3 g6 19.Qd2 gxf5 20.Rxf5 Qe7 21.Raf1 Nfd7 22.Qf2 Bg7
23.Qg3 Rf8 24.h4 Rae8 25.Bc2 Rc8 26.b3 b5 27.Rg5 Ng6 28.Bxg7 Kxg7 29.h5 Ne5
30.hxg6 fxg6 31.Re1 bxc4 32.Bxg6 hxg6 33.Rxg6+ Kh7 34.Rg5 Rf6 35.Rh5+ Rh6
36.Rxh6+ Kxh6 37.Re4 Rh8 38.Kg1 Qa7+ 39.Kf1 Rf8+ 40.Ke2 Ng6 41.bxc4 Qb7 42.Qh3+ Kg7
43.Qc3+ Kg8 44.Rg4 Qb1 45.Qe3 Qxa2+ 46.Ke1 Qb1+ 47.Kd2 Rf7 48.c5 Rb7 49.Qd3 Rb2+  0-1

[Event "TCh-NED 2008-9"]
[Site "Netherlands NED"]
[Date "2009.03.28"]
[Round "7"]
[White "Van Delft,M"]
[Black "Martens,M"]
[Result "1/2-1/2"]
[WhiteElo "2399"]
[BlackElo "2413"]

1.e4 c5 2.Nf3 e6 3.d4 cxd4 4.Nxd4 a6 5.Bd3 Nf6 6.O-O e5 7.Ne2 Bc5 8.Ng3 O-O
9.Nc3 d6 10.Bg5 h6 11.Bxf6 Qxf6 12.Nd5 Qd8 13.Nf5 Nc6 14.c3 Be6 15.Qg4 g6
16.Nxh6+ Kh7 17.Nf5 Rh8 18.b4 Ba7 19.a4 Kg8 20.Qg3 Kf8 21.Nfe3 a5 22.bxa5 Nxa5
23.Rab1 Rc8 24.Bb5 Qh4 25.Qxh4 Rxh4 26.Bd3  1/2-1/2

[Event "TCh-HUN 2008-9"]
[Site "Decs HUN"]
[Date "2009.04.05"]
[Round "10"]
[White "Veszpremi,A"]
[Black "Schneider,Ve"]
[Result "1/2-1/2"]
[WhiteElo "2219"]
[BlackElo "2315"]

1.e4 c5 2.Nf3 e6 3.d4 cxd4 4.Nxd4 a6 5.Bd3 Nf6 6.O-O Qc7 7.Be3 d5 8.exd5 Nxd5
9.Bd2 Bd6 10.h3 Nd7 11.Nc3 N7f6 12.Re1 O-O 13.Nxd5 Nxd5 14.Qh5 g6 15.Qh4 Bf4
16.Bxf4 Qxf4 17.Qxf4 Nxf4 18.Rad1 Re8 19.Nf3 Nxd3 20.Rxd3 f6 21.Rd6 Kf7 22.Re3 e5
23.g4 h6 24.Rb3 b5 25.Rc3 Be6 26.Rcc6 Rad8 27.Rxa6 Rxd6 28.Rxd6 Bxa2 29.b3 Rc8
30.Ne1 Bb1 31.Rd7+ Ke8 32.Rd2 b4 33.Kf1 Rc3 34.h4 f5 35.g5 hxg5 36.hxg5 Ke7
37.Ke2 Ke6 38.Kd1 f4 39.Rd8 Kf5 40.Rd5 Kxg5 41.Rxe5+ Kg4 42.f3+ Kh3 43.Re4 Bxc2+
44.Nxc2 Rxf3 45.Rxb4 g5 46.Ke2 g4 47.Rb8 Kg3 48.Nd4 Rf2+ 49.Kd3 Kg2 50.Rg8 g3
51.Nf5 Rf3+ 52.Ke4 Rxb3 53.Kxf4 Rf3+ 54.Ke4 Rxf5  1/2-1/2

[Event "Arnold Eikrem Memorial"]
[Site "Oslo NOR"]
[Date "2009.04.05"]
[Round "2"]
[White "Berg,E"]
[Black "Kveinys,A"]
[Result "1/2-1/2"]
[WhiteElo "2610"]
[BlackElo "2534"]

1.e4 c5 2.Nf3 e6 3.d4 cxd4 4.Nxd4 a6 5.Bd3 Bc5 6.Nb3 Be7 7.O-O d6 8.c4 Nf6
9.Nc3 Nbd7 10.f4 b6 11.Qe2 Bb7 12.Bd2 O-O 13.Rae1 g6 14.Kh1 Qc7 15.Nd4 e5
16.Nc2 Nh5 17.f5 Nf4 18.Bxf4 exf4 19.Nb4 Nf6 20.Nbd5 Nxd5 21.Nxd5 Bxd5 22.cxd5 b5
23.Rc1 Qd8 24.Rc6 Bf6 25.Rxf4 Be5 26.Rf3 Qg5 27.g3 h5 28.Kg2 h4 29.Qe3 Qxe3
30.Rxe3 hxg3 31.hxg3 gxf5 32.exf5 Kg7 33.Re4 Kf6 34.Rh4 Rh8 35.Rxh8 Rxh8
36.Rxa6 Rg8 37.Bxb5 Rxg3+ 38.Kf2 Kxf5 39.Ra4 Bf4 40.Be8 Rd3 41.Bxf7 Rd2+
42.Kf3 Rd3+ 43.Kg2 Rd2+ 44.Kf3 Rd3+ 45.Ke2 Rd2+ 46.Kf3  1/2-1/2

[Event "47th Doeberl Cup Premier"]
[Site "Canberra AUS"]
[Date "2009.04.09"]
[Round "1"]
[White "Schon,E"]
[Black "Kunte,A"]
[Result "0-1"]
[WhiteElo "2186"]
[BlackElo "2513"]

1.e4 c5 2.Nf3 e6 3.d4 cxd4 4.Nxd4 a6 5.Bd3 Nf6 6.O-O Qc7 7.Qe2 d6 8.c4 g6
9.b3 Bg7 10.Bb2 O-O 11.Nc3 Nbd7 12.Rad1 b6 13.Bb1 Bb7 14.f4 e5 15.fxe5 dxe5
16.Nc2 Nc5 17.Nb4 Nxb3 18.Nxa6 Bxa6 19.axb3 Rfd8 20.Rde1 Rab8 21.Bc1 b5 22.Nd5 Nxd5
23.cxd5 Bc8 24.Bd3 Bd7 25.Bg5 Rdc8 26.Qd2 Be8 27.Rc1 Qd6 28.Qa5 Bf8 29.Be3 Qb4
30.Qa2 Rc3 31.Rxc3 Qxc3 32.Qb1 Bc5 33.Bxc5 Qxc5+ 34.Rf2 Rc8 35.Qc2 Kf8 36.Qxc5+ Rxc5
37.Rc2 Rxc2 38.Bxc2 b4 39.Kf2 h5 40.Bd3 Ke7 41.Ke3 Kd6 42.g3 Bd7 43.h4 Bg4
44.Bf1 Bd1 45.Bc4 Bc2 46.Bb5 Bxb3 47.Kd2 Ke7 48.Kc1 f5 49.Bd3 Kf6 50.Kb2 Ba4
51.exf5 gxf5 52.Be2 Kg6 53.d6 e4 54.Bd1 b3 55.Ka3 Kf6 56.Bxh5 Ke6 57.Be2 Kxd6
58.h5 Ke7 59.Kb2 Kf6 60.Kc3 Kg5 61.Kb2 e3 62.Kc3 Be8 63.g4 fxg4 64.h6 Kxh6
65.Bxg4 Bh5 66.Be6 e2 67.Kd2 b2 68.Ba2 Kg5 69.Ke1 Kf4 70.Bb1 Ke3 71.Bg6 Bf3
72.Bc2 Be4 73.Bb1 Kf3  0-1

[Event "47th Doeberl Cup Premier"]
[Site "Canberra AUS"]
[Date "2009.04.09"]
[Round "1"]
[White "Akshayraj,K"]
[Black "Nakauchi,G"]
[Result "1-0"]
[WhiteElo "2404"]
[BlackElo "2076"]

1.e4 c5 2.Nf3 e6 3.d4 cxd4 4.Nxd4 a6 5.Bd3 Bc5 6.Nb3 Be7 7.O-O d6 8.f4 Nd7
9.a4 b6 10.Nc3 Ngf6 11.Be3 Bb7 12.Qf3 O-O 13.Qh3 Re8 14.g4 g6 15.Rf2 Rc8
16.g5 Nh5 17.Raf1 Nc5 18.Nxc5 bxc5 19.f5 exf5 20.Rxf5 gxf5 21.Qxh5 Bf8 22.Rxf5 Qd7
23.Bc4 Re6 24.Nd5 Bxd5 25.Bxd5 Bg7 26.Rf3 Bxb2 27.Rh3 h6 28.g6 Kf8 29.Bxh6+ Ke7
30.Bg5+ Kf8 31.Rf3 Bd4+ 32.Kf1 f6 33.g7+ Kg8 34.Bxf6 Bxf6 35.Qh8+ Kf7 36.Rxf6+ Kxf6
37.g8=Q+  1-0

[Event "47th Doeberl Cup Premier"]
[Site "Canberra AUS"]
[Date "2009.04.09"]
[Round "1"]
[White "Mas,H"]
[Black "Cheng,Bo"]
[Result "1-0"]
[WhiteElo "2425"]
[BlackElo "2103"]

1.e4 c5 2.Nf3 e6 3.d4 cxd4 4.Nxd4 a6 5.Bd3 Qc7 6.c4 Nf6 7.Nc3 b6 8.Qe2 d6
9.O-O Be7 10.f4 Nbd7 11.Kh1 g6 12.Bd2 Bb7 13.b4 O-O 14.Rae1 Rad8 15.a3 Rfe8
16.Nf3 Bf8 17.Qf2 Bg7 18.Qh4 d5 19.cxd5 Nf8 20.Rc1 Qb8 21.f5 exf5 22.Bf4 Qa8
23.Bg5 Nxe4 24.Bxd8 Nxc3 25.Bxb6 Nxd5 26.Bd4 Bxd4 27.Qxd4 Ne3 28.Bc4 Nxf1
29.Bxf7+ Kxf7 30.Ng5+ Kg8 31.Rc7 Nd7 32.Rxd7 Ng3+ 33.hxg3 Bxg2+ 34.Kh2  1-0

[Event "KFP Cup"]
[Site "Frydek Mistek CZE"]
[Date "2009.04.09"]
[Round "2"]
[White "Toma,K"]
[Black "Jurcik,Mart"]
[Result "1/2-1/2"]
[WhiteElo "2218"]
[BlackElo "2331"]

1.e4 c5 2.Nf3 e6 3.d4 cxd4 4.Nxd4 a6 5.Bd3 Nc6 6.Be3 Nf6 7.Nc3 Qc7 8.O-O Ne5
9.h3 Bc5 10.Qe2 d6 11.f4 Ng6 12.Nb3 Bxe3+ 13.Qxe3 O-O 14.Rae1 b5 15.a3 Bb7
16.Nd4 Qc5 17.f5 e5 18.Ndxb5 axb5 19.fxg6 hxg6 20.Qxc5 dxc5 21.Bxb5 Rfd8
22.Rf2 Rd4 23.Rfe2 Kf8 24.a4 Rb4 25.b3 Ba6 26.Re3 Bxb5 27.Nxb5 c4 28.Kf2 cxb3
29.cxb3 Rc8 30.Kf3 Rc2 31.Rd1 Ke7 32.Rdd3 Rc1 33.Rc3 Rf1+ 34.Ke2 Rg1 35.Kf2 Rd1
36.Ke2 Rg1 37.Rc7+ Ke6 38.Rc6+ Ke7 39.Nc3 Kd7 40.Ra6 Rxg2+ 41.Kf3 Rd2 42.Ra7+ Ke6
43.Nb5 Rh2 44.Ra6+ Ke7 45.Ra7+ Ke6 46.Ra6+ Ke7 47.Ra7+  1/2-1/2

[Event "ARCIMPEX Cup"]
[Site "Frydek Mistek CZE"]
[Date "2009.04.09"]
[Round "2"]
[White "Petenyi,T"]
[Black "Havlikova,K"]
[Result "0-1"]
[WhiteElo "2293"]
[BlackElo "2141"]

1.e4 c5 2.Nf3 e6 3.d4 cxd4 4.Nxd4 a6 5.Bd3 Bc5 6.Nb3 Ba7 7.Nc3 Nc6 8.Qe2 d6
9.Be3 Nge7 10.O-O-O b5 11.Bxa7 Rxa7 12.Qe3 Rd7 13.f4 Na5 14.e5 Nxb3+ 15.axb3 d5
16.Qg3 g6 17.h4 h5 18.Ne2 Qa5 19.Kb1 Nc6 20.Nc1 Rc7 21.Rhf1 Rf8 22.Qg5 Bd7
23.g4 hxg4 24.Qxg4 Ne7 25.h5 gxh5 26.Qxh5 b4 27.Qg5 Qc5 28.Rh1 Bb5 29.Rd2 Rc8
30.Qf6 Qe3 31.Rdh2 Bxd3 32.Nxd3 Qe4 33.Rh8 Ng6 34.Rxf8+ Nxf8 35.Rh8 Qg2 36.Qh6 Qxc2+
37.Ka2 Ke7 38.Qf6+ Ke8 39.f5 Rc3 40.Qh6 Qxb3+ 41.Kb1 Qc2+ 42.Ka1 Qd1+ 43.Ka2 b3+
44.Ka3 Qa1+ 45.Kb4 Rc4+  0-1

[Event "11th European Senior Team"]
[Site "Velden AUT"]
[Date "2009.04.09"]
[Round "5"]
[White "Stuerzenbaum,A"]
[Black "Boehlig,H"]
[Result "1/2-1/2"]
[WhiteElo "2189"]
[BlackElo "2261"]

1.e4 c5 2.Nf3 e6 3.d4 cxd4 4.Nxd4 a6 5.Bd3 Qc7 6.O-O Nf6 7.Qe2 d6 8.c4 g6
9.Nc3 Bg7 10.Be3 O-O 11.Rac1 Nbd7 12.f3 b6 13.b3 Bb7 14.Qf2 Rac8 15.Rfd1 Rfe8
16.Bf1 Qb8 17.Kh1 Ba8 18.Qd2 Ne5 19.Bf2 Red8 20.Qe3 Nfd7 21.Be2 Nc6 22.Qd2 Nf6
23.Nxc6 Bxc6 24.Qe3  1/2-1/2

[Event "11th European Senior Team"]
[Site "Velden AUT"]
[Date "2009.04.09"]
[Round "5"]
[White "Glauser,H"]
[Black "Malich,B"]
[Result "1/2-1/2"]
[WhiteElo "2174"]
[BlackElo "2372"]

1.e4 c5 2.Nf3 e6 3.d4 cxd4 4.Nxd4 a6 5.Bd3 Nc6 6.Nxc6 bxc6 7.O-O d6 8.c4 Nf6
9.Nc3 Be7 10.Qe2 O-O 11.f4 e5 12.f5 Bb7 13.Kh1 Re8 14.Be3 h6 15.Rad1 Qc7
16.Bb1 Bf8 17.h3 Rab8 18.g4 Nh7 19.Rg1 Be7 20.Qf2 Ba8 21.b3 Bg5 22.h4 Bxe3
23.Qxe3 f6  1/2-1/2

[Event "47th Doeberl Cup Premier"]
[Site "Canberra AUS"]
[Date "2009.04.11"]
[Round "5"]
[White "Sandler,L"]
[Black "Nakauchi,G"]
[Result "1/2-1/2"]
[WhiteElo "2332"]
[BlackElo "2076"]

1.e4 c5 2.Nf3 e6 3.d4 cxd4 4.Nxd4 a6 5.Bd3 Bc5 6.Nb3 Ba7 7.Qe2 Nc6 8.O-O d6
9.Be3 Nf6 10.c4 O-O 11.Nc3 Re8 12.Bxa7 Rxa7 13.f4 b6 14.Rad1 e5 15.f5 Nd4
16.Qe3 Ng4 17.Qg3 Qg5 18.Rde1 Nxb3 19.axb3 h6 20.b4 Rb7 21.h3 Nf6 22.Qf2 Nh5
23.Re2 Nf4 24.Re3 Qd8 25.Nd5 Nxd5 26.cxd5 b5 27.f6 g6 28.Kh2 Kh7 29.h4 Bd7
30.Qd2 Rg8 31.Be2 Qc8 32.Rc3 Rc7 33.Rxc7 Qxc7 34.Rc1 Qb6 35.Kg3 Rc8 36.Rxc8 Bxc8
37.Qc3 Bd7 38.Bg4 Bxg4 39.Kxg4 Qf2 40.Kh3 Qf4 41.Qc6 Qe3+ 42.Kh2 Qf4+ 43.g3 Qf2+
44.Kh1 Qe1+ 45.Kh2 Qf2+ 46.Kh1 Qxg3 47.Qxd6 Qxh4+ 48.Kg1 Qg4+ 49.Kh2 Qe2+
50.Kg1 Qxe4 51.Qf8 Qd4+ 52.Kf1 Qf4+ 53.Ke2 Qe4+ 54.Kf2 Qh4+ 55.Ke2 Qh2+ 56.Ke1 Qh1+
57.Ke2 Qe4+ 58.Kf2 Qd4+ 59.Kf1 Qd1+ 60.Kf2 Qc2+ 61.Kg3 Qb3+ 62.Kf2 Qxb2+
63.Ke1 Qc3+ 64.Ke2 Qc4+ 65.Ke1 Qe4+ 66.Kf2 Qf4+ 67.Ke2 Qxf6 68.d6 Qf5 69.Qe7 Qe4+
70.Kf2 Qf4+ 71.Kg2 e4 72.d7 Qf3+ 73.Kh2 Qf2+ 74.Kh1 Qf3+ 75.Kh2 Qf2+ 76.Kh1 Qf3+
77.Kh2 Qf2+ 78.Kh1  1/2-1/2

[Event "ArcelorMittal Open"]
[Site "Frydek Mistek CZE"]
[Date "2009.04.11"]
[Round "5"]
[White "Motyka,M"]
[Black "Bernasek,J"]
[Result "0-1"]
[WhiteElo "2394"]
[BlackElo "2443"]

1.e4 c5 2.Nf3 e6 3.d4 cxd4 4.Nxd4 a6 5.Bd3 Bc5 6.Nb3 Ba7 7.Qe2 Nc6 8.Be3 d6
9.O-O Nge7 10.N1d2 e5 11.Bxa7 Rxa7 12.a4 O-O 13.c3 Be6 14.Rfd1 Qc7 15.Bc4 d5
16.exd5 Nxd5 17.Nc5 Nf4 18.Qe4 Bg4 19.f3 Bc8 20.Qe3 b6 21.Nce4 Ne7 22.a5 b5
23.Ba2 Nf5 24.Qc5 Qxc5+ 25.Nxc5 Ne3 26.Nde4 Nxd1 27.Rxd1 h6 28.g3 Nh3+ 29.Kg2 Ng5
30.Nd6 Bh3+ 31.Kf2 Be6 32.Bb1 Rd8 33.h4 Nh7 34.Ke2 Nf6 35.Ncb7 Rb8 36.Nc5 Bc4+
37.Ke3 Rd8 38.Be4 Ne8 39.Nxc4 Rxd1 40.Nxe5 Nd6 41.Bd3 Nb7 42.Be2 Rd5 43.Nc6 Rxc5
44.Nxa7 Rc7 45.Nxb5 axb5 46.a6 Nd6 47.Kd4 Kf8 48.b3 Ke7 49.c4 bxc4 50.bxc4 Nc8
51.c5 Rd7+  0-1

[Event "KFP Cup"]
[Site "Frydek Mistek CZE"]
[Date "2009.04.11"]
[Round "6"]
[White "Toma,K"]
[Black "Csiba,D"]
[Result "1-0"]
[WhiteElo "2218"]
[BlackElo "2377"]

1.e4 c5 2.Nf3 e6 3.d4 cxd4 4.Nxd4 a6 5.Bd3 Bc5 6.Nb3 Ba7 7.Qe2 Nc6 8.Nc3 d6
9.a4 Nge7 10.O-O O-O 11.Be3 e5 12.Bxa7 Rxa7 13.Bc4 Be6 14.Rfd1 Nb4 15.Bxe6 fxe6
16.Qc4 Qb6 17.Qxe6+ Kh8 18.Rd2 Qc7 19.Rxd6 b5 20.Qxe5 bxa4 21.Rxa4 Ng6 22.Qc5 Qe7
23.Rxb4 Rc7 24.Nd5 Rxc5 25.Nxe7 Rxc2 26.Nxg6+ hxg6 27.Rd2  1-0

[Event "Open"]
[Site "Lenk SUI"]
[Date "2009.04.11"]
[Round "4"]
[White "Hirt,M"]
[Black "Schaffner,D"]
[Result "0-1"]
[WhiteElo "2091"]
[BlackElo "1965"]

1.e4 c5 2.Nf3 e6 3.d4 cxd4 4.Nxd4 a6 5.Bd3 Qc7 6.O-O Nf6 7.Nc3 d6 8.Kh1 Nbd7
9.f4 b5 10.Qe2 Bb7 11.a3 Rc8 12.Bd2 g6 13.Rae1 e5 14.Nf3 Bg7 15.Qf2 Ng4 16.Qg3 h5
17.f5 gxf5 18.exf5 Kf8 19.Nh4 Ngf6 20.b4 d5 21.Nd1 e4 22.Bf4 Qc6 23.Be2 Qxc2
24.Bd6+ Kg8 25.Ne3 Qc3 26.Ng6 fxg6 27.fxg6 d4 28.Qh3 Re8 29.Bd1 Rh6 30.Qf5 dxe3
31.Qg5 Qd3 32.Bf4 Qd5 33.Qg3 Qe6 34.Qxe3 Nd5 35.Qa7 Qb6  0-1

[Event "47th Doeberl Cup Premier"]
[Site "Canberra AUS"]
[Date "2009.04.12"]
[Round "7"]
[White "Mas,H"]
[Black "Ikeda,J"]
[Result "1-0"]
[WhiteElo "2425"]
[BlackElo "2261"]

1.e4 c5 2.Nf3 e6 3.d4 cxd4 4.Nxd4 a6 5.Bd3 Nf6 6.Qe2 d6 7.c4 Qc7 8.Nc3 Be7
9.O-O O-O 10.f4 Re8 11.e5 Nfd7 12.Nxe6 fxe6 13.Qh5 Qc5+ 14.Kh1 Nf6 15.Bxh7+ Nxh7
16.Qxe8+ Bf8 17.Be3 Bd7 18.Bxc5 Bxe8 19.Bxd6 Bxd6 20.exd6 Nf6 21.Rfe1 Bd7
22.Rad1 Kf7 23.h3 b5 24.b3 b4 25.Ne2 Nc6 26.Ng1 Nh5 27.Kh2 Kf6 28.g3 g5 29.fxg5+ Kxg5
30.g4 Nf6 31.Kg3 Kg6 32.Nf3 a5 33.h4 a4 34.h5+ Kg7 35.Kh4 axb3 36.axb3 Ra3
37.g5 Ng8 38.Ne5 Nxe5 39.Rxe5 Rxb3 40.Ra1 Rd3 41.c5 Bc8 42.Ra8 Bd7 43.Ra7 Nf6
44.h6+ Kg6 45.gxf6  1-0

[Event "47th Doeberl Cup Premier"]
[Site "Canberra AUS"]
[Date "2009.04.12"]
[Round "7"]
[White "Schon,E"]
[Black "Deepan,C"]
[Result "0-1"]
[WhiteElo "2186"]
[BlackElo "2482"]

1.e4 c5 2.Nf3 e6 3.d4 cxd4 4.Nxd4 a6 5.Bd3 Nc6 6.Nxc6 bxc6 7.Nd2 d5 8.O-O Nf6
9.b3 Be7 10.Bb2 a5 11.e5 Nd7 12.c4 a4 13.cxd5 cxd5 14.bxa4 Nc5 15.Bc2 Ba6
16.Re1 Nd3 17.Bxd3 Bxd3 18.Nb3 Bc4 19.Bc3 Rxa4 20.Nd2 Qa8 21.Nxc4 Rxc4 22.Bd4 Qa4
23.Qxa4+ Rxa4 24.Bb2 O-O 25.Re2 Rfa8 26.Bc1 h6 27.g3 Kh7 28.Kg2 Kg6 29.h3 h5
30.f4 f6 31.a3 fxe5 32.fxe5 Bc5 33.Be3 Re4 34.Rae1 Rxe3 35.Rxe3 Bxe3 36.Rxe3 Kf5
37.Kf3 Ra4 38.h4 g6  0-1

[Event "47th Doeberl Cup Premier"]
[Site "Canberra AUS"]
[Date "2009.04.12"]
[Round "8"]
[White "Tan,Ju2"]
[Black "Amrutha,M"]
[Result "1/2-1/2"]
[WhiteElo "1885"]
[BlackElo "2155"]

1.e4 c5 2.Nf3 e6 3.d4 cxd4 4.Nxd4 a6 5.Bd3 Nf6 6.O-O Qc7 7.Qe2 d6 8.c4 g6
9.Nc3 Bg7 10.Be3 O-O 11.Rac1 b6 12.b4 Nbd7 13.f4 Bb7 14.Nb3 Rac8 15.Bd4 e5
16.Be3 exf4 17.Bxf4 Qb8 18.Nd5 Rfe8 19.Qf3 Bxd5 20.cxd5 b5 21.Na5 Ne5 22.Bxe5 dxe5
23.Nc6 Qd6 24.Qf2 Bh6 25.Rc2 Kg7 26.Qc5 Qxc5+ 27.bxc5 Be3+ 28.Kh1 Nd7 29.Rf3 Bxc5
30.a4 bxa4 31.Bxa6 Ra8 32.Bb7 a3 33.Bxa8 Rxa8 34.Ra2 Ra4 35.h3 Rxe4 36.Raxa3 Bxa3
37.Rxa3 Re1+ 38.Kh2 Rd1 39.Nb4 Rd4 40.Ra7 Nf6 41.Rb7 Nxd5 42.Nc6 Re4 43.Rb5 Nf4
44.Rxe5 Rc4 45.Na5 Rc2 46.Rg5 h6 47.Rg3 g5 48.Nb3 Kg6 49.Nd4 Ra2 50.Nf3 f6
51.Ne1 Re2 52.Nd3 Nh5 53.Rg4 Rd2 54.Rd4 Kf5 55.Kg1 Ng3 56.Rd7 h5 57.Nc5 Rc2
58.Rd5+ Kf4 59.Ne6+ Ke3 60.Rd1 h4 61.Kh2 Ke2 62.Ra1 Kf2 63.Nd4 Rb2 64.Ra3 Nf1+
65.Kh1 Ne3 66.Kh2 Rd2 67.Nb3 Nf1+ 68.Kh1 Rd1 69.Ra1 Rxa1 70.Nxa1 Ne3 71.Nb3 Nxg2
72.Nc5 f5 73.Ne6 g4 74.Nd4 Ne3 75.Nxf5 Nxf5 76.hxg4 Ne3 77.Kh2 Nxg4+ 78.Kh3  1/2-1/2

[Event "11th European Senior Team"]
[Site "Velden AUT"]
[Date "2009.04.12"]
[Round "8"]
[White "White,A"]
[Black "Nordstrom,F"]
[Result "1-0"]
[WhiteElo "2052"]
[BlackElo "2187"]

1.e4 c5 2.Nf3 e6 3.d4 cxd4 4.Nxd4 a6 5.Bd3 d5 6.exd5 Qxd5 7.O-O Nf6 8.Nc3 Qd6
9.Be3 Nbd7 10.Qe2 Qc7 11.Rad1 Be7 12.f4 O-O 13.Kh1 Nc5 14.Nf3 Nxd3 15.Rxd3 b5
16.a3 Bb7 17.Bd4 Rad8 18.Be5 Qc8 19.Ng5 Rxd3 20.cxd3 Nd5 21.Nxh7 Nxf4 22.Rxf4 Kxh7
23.Qh5+ Kg8 24.Bxg7 f5 25.Be5 Rf6 26.Rh4 Rh6 27.Qxh6 Bxh4 28.Qxh4  1-0

[Event "11th European Senior Team"]
[Site "Velden AUT"]
[Date "2009.04.12"]
[Round "8"]
[White "Stuerzenbaum,A"]
[Black "Kanko,I"]
[Result "1/2-1/2"]
[WhiteElo "2189"]
[BlackElo "2234"]

1.e4 c5 2.Nf3 e6 3.d4 cxd4 4.Nxd4 a6 5.Bd3 Bc5 6.Nb3 Be7 7.Qg4 g6 8.Qe2 d6
9.O-O Nd7 10.Na3 Qc7 11.Nc4 b6 12.a4 Ngf6 13.Bh6 Bf8 14.Be3 Bg7 15.a5 bxa5
16.Ncxa5 O-O 17.Bd4 e5 18.Be3 d5 19.exd5 Nxd5 20.Bd2 N7b6 21.c4 Nf4 22.Bxf4 exf4
23.Be4  1/2-1/2

[Event "Open"]
[Site "Lenk SUI"]
[Date "2009.04.13"]
[Round "7"]
[White "Lehmann,A"]
[Black "Salzgeber,F"]
[Result "1-0"]
[WhiteElo "2273"]
[BlackElo "2163"]

1.e4 c5 2.Nf3 e6 3.d4 cxd4 4.Nxd4 a6 5.Bd3 Bc5 6.Nb3 Be7 7.O-O d6 8.c4 Nf6
9.Nc3 b6 10.Kh1 Nbd7 11.f4 O-O 12.Qe2 Qc7 13.Be3 Bb7 14.Rac1 Rfe8 15.Bd4 g6
16.Rf2 Bf8 17.Rcf1 Rac8 18.Qf3 Bg7 19.Qg3 Re7 20.Qh4 Rce8 21.Be3 d5 22.cxd5 exd5
23.e5 Ne4 24.Rc2 Qb8 25.Bxe4 dxe4 26.Rd1 f5 27.Rcd2 Qc7 28.Rd6 Nc5 29.Nxc5 bxc5
30.Na4 c4 31.Bb6 Qc8 32.Rd8 Rxd8 33.Rxd8+ Qxd8 34.Bxd8 Rd7 35.Nc3 e3 36.Bb6 Rd2
37.Qe7 Bf6 38.Qe6+ Kg7 39.Qxf6+ Kg8 40.Bxe3 Rxb2 41.e6  1-0

[Event "ch-MGL"]
[Site "Ulan Bator MGL"]
[Date "2009.04.13"]
[Round "5"]
[White "Battulga,N"]
[Black "Gundavaa,B"]
[Result "0-1"]
[WhiteElo "2319"]
[BlackElo "2461"]

1.e4 c5 2.Nf3 e6 3.d4 cxd4 4.Nxd4 a6 5.Bd3 Qc7 6.O-O Nf6 7.Qe2 d6 8.a4 Be7
9.Nc3 O-O 10.f4 Nbd7 11.Kh1 b6 12.Bd2 Bb7 13.Rae1 g6 14.e5 Ne8 15.f5 Nxe5
16.fxg6 hxg6 17.Bh6 Ng7 18.Ne4 Nf5 19.Bxf8 Nxd4 20.Qf2 Rxf8 21.Qxd4 Bxe4
22.Rxe4 a5 23.c3 Rd8 24.Bc2 Bf8 25.Qf2 Bg7 26.h3 Rf8 27.Qe2 d5 28.Ref4 Qe7
29.Qf2 Nd7 30.Re1 Qd6 31.Rf1 Qe7 32.Re1 Qc5 33.Qe2 e5 34.Rff1 Re8 35.Bb3 Nf6
36.Rxf6 Bxf6 37.Qf3 Bg5 38.Bxd5 Qe7 39.b4 Kg7 40.bxa5 bxa5 41.Rf1 f5 42.Rb1 Rd8
43.c4 Kh6 44.Rb6 Rd6 45.Rb7 Rd7 46.Rb6 Rd6 47.Rb7 e4 48.Qg3 Rd7 49.Rb6 Qc5
50.Rb5 Qd4 51.h4 Bf6 52.Qf4+ Kg7 53.Rb1 Be5 54.Qg5 Qd3 55.Re1 Qg3 56.Rb1 Qh2+  0-1

[Event "ch-MGL"]
[Site "Ulan Bator MGL"]
[Date "2009.04.15"]
[Round "7"]
[White "Gunbayar,M"]
[Black "Gundavaa,B"]
[Result "1-0"]
[WhiteElo "2283"]
[BlackElo "2461"]

1.e4 c5 2.Nf3 e6 3.d4 cxd4 4.Nxd4 a6 5.Bd3 Qc7 6.O-O Nf6 7.Qe2 d6 8.Nc3 Be7
9.f4 Nbd7 10.Kh1 O-O 11.Be3 b5 12.a3 Bb7 13.Rae1 Nc5 14.Bg1 d5 15.e5 Nfe4
16.Qg4 g6 17.Re3 h5 18.Qh3 Rfe8 19.Be2 Bf8 20.b4 Nd7 21.Nxe4 dxe4 22.Rc3 Qb8
23.Bxh5 Bg7 24.Bxg6 fxg6 25.Nxe6 Re7 26.Nxg7 Kxg7 27.Bd4 Kg8 28.e6 Rh7 29.Qxh7+  1-0